Normal view
MARC view
- الإمبراطورية البيزنطية -- تراجم -- معاجم
Entry Topical Term
001 - CONTROL NUMBER
- control field: 36008
003 - CONTROL NUMBER IDENTIFIER
- control field: JO-AjAnu
005 - DATE AND TIME OF LATEST TRANSACTION
- control field: 20230606080021.0
008 - FIXED-LENGTH DATA ELEMENTS
- fixed length control field: 230606|| aca||aabn | a|a d
040 ## - CATALOGING SOURCE
- Original cataloging agency: JO-AjAnu
- Transcribing agency: JO-AjAnu
150 ## - HEADING--TOPICAL TERM
- Topical term or geographic name entry element: الإمبراطورية البيزنطية -- تراجم -- معاجم
670 ## - SOURCE DATA FOUND
- Source citation: Work cat.: (JO-AjAnu)18489: نيكول، دونالد؛ ترجمة وتعليق حبشي، حسن, author 36007, معجم التراجم البيزنطية